Statistics for 2018 Oscar Winners

Click here to take the quiz!

General Stats

  • This quiz has been taken 15 times
  • The average score is 12 of 24

Answer Stats

CategoryRecipient% Correct
Best PictureThe Shape of Water
100%
Best DirectorGuillermo del Toro
86%
Best ActorGary Oldman
79%
Best ActressFrances McDormand
79%
Best Supporting ActorSam Rockwell
64%
Best Original ScreenplayGet Out
64%
Best Adapted ScreenplayCall Me by Your Name
64%
Best Supporting ActressAllison Janney
57%
Best Animated Feature FilmCoco
57%
Best Original ScoreThe Shape of Water
57%
Best Original Song "Remember Me"
50%
Best Makeup and HairstylingDarkest Hour
50%
Best Cinematography Blade Runner 2049
43%
Best Production DesignThe Shape of Water
43%
Best Sound MixingDunkirk
43%
Best Visual EffectsBlade Runner 2049
43%
Best Sound EditingDunkirk
43%
Best Documentary FeatureIcarus
43%
Best Foriegn Language FilmA Fantastic Woman
43%
Best Film EditingDunkirk
29%
Best Animated Short FilmDear Basketball
21%
Best Costume DesignPhantom Thread
21%
Best DocumentaryHeaven is a Traffic Jam on the 405
14%
Best Live Action Short FilmThe Silent Child
14%

Score Distribution

Percentile by Number Answered

Percent of People with Each Score

Your Score History

You have not taken this quiz